| 000 | 00848nam a2200301 a 4500 | ||
|---|---|---|---|
| 003 | AR-BaBNM | ||
| 005 | 20251128203429.0 | ||
| 008 | 082120s2002 ||||||||||||||000 | spa|| | ||
| 040 | _cAR-BaBNM | ||
| 100 | 1 | _aTau Anzoátegui, Victor | |
| 245 | 0 | 0 | _aManual de historia de las instituciones argentinas |
| 250 | _a5ª ed. | ||
| 260 |
_aBuenos Aires _bMacchi _c1981 |
||
| 300 | _a808 p. | ||
| 500 | _aContiene índice temático para consultar p. 787-795. | ||
| 650 | 4 | _aPERIODO HISPANICO | |
| 650 | 4 | _aPERIODO INDEPENDIENTE | |
| 650 | 4 | _aORGANIZACION NACIONAL | |
| 650 | 4 | _aHISTORIA POLITICA | |
| 650 | 4 | _aHISTORIA INSTITUCIONAL | |
| 650 | 4 | _aACUERDO DE SAN NICOLAS | |
| 650 | 4 | _aHISTORIA SOCIAL | |
| 650 | 4 | _aHISTORIA ECONOMICA | |
| 650 | 4 | _aHISTORIA CULTURAL | |
| 700 | 1 | _aMartiré, Eduardo | |
| 942 | _cBK | ||
| 998 | _cmariana | ||
| 999 |
_c3355 _d3355 |
||